| 000 | 00995nam a22002535a 4500 | ||
|---|---|---|---|
| 003 | OSt | ||
| 005 | 20170207112225.0 | ||
| 008 | 160922s2008 ua frb 000 0 ara d | ||
| 015 | _a97 / 7682 | ||
| 020 | _a9770420247 | ||
| 040 |
_aEG-ScBUE _bara _cEG-ScBUE _dEG-ScBUE |
||
| 082 | 0 | 4 |
_a345.0268 _bع ب د _222 |
| 100 | 1 | _aعبد العال، هلالي عبد اللاه أحمد. | |
| 245 | 1 | 0 |
_aحجية المخرجات الكمبيوترية في المواد الجنائية : _bدراسة مقارنة / _cتأليف هلالي عبد اللاه أحمد. |
| 250 | _aط. 2. | ||
| 260 |
_aالقاهرة : _bدار النهضة العربية، _c2008. |
||
| 300 |
_a188 ص. ؛ _c24 سم. |
||
| 504 | _aيشتمل على إرجاعات ببليوجرافية. | ||
| 650 | 7 |
_aالحاسبات الإلكترونية _xقوانين وتشريعات. _2BUEsh |
|
| 650 | 7 |
_aالقانون الجنائي. _2BUEsh _921929 |
|
| 651 | _2BUEsh | ||
| 653 |
_bLLAAWW _cJanuary2017 |
||
| 942 | _2ddc | ||
| 999 |
_c24050 _d24022 |
||